Biography of World Great Geographers/ (Record no. 85163)

MARC details
000 -LEADER
fixed length control field 00695nam a22002057a 4500
005 - DATE AND TIME OF LATEST TRANSACTION
control field 20140617103613.0
010 ## - LCCN (DPL NO)
LC control number B-505331
020 ## - INTERNATIONAL STANDARD BOOK NUMBER
International Standard Book Number 9789350530740
Terms of availability 850.00
035 ## - SYSTEM CONTROL NUMBER
System control number B-505331
037 ## - SOURCE OF ACQUISITION
Stock number dpl
Source of stock number/acquisition K.K.Pub/Ven
082 ## - DEWEY DECIMAL CLASSIFICATION NUMBER
Classification number 910.922
100 ## - MAIN ENTRY--PERSONAL NAME
Personal name Arya, Tara Ram
245 ## - TITLE STATEMENT
Title Biography of World Great Geographers/
Statement of responsibility, etc by Tara Ram Arya
260 ## - PUBLICATION, DISTRIBUTION, ETC. (IMPRINT)
Place of publication, distribution, etc New Delhi
Name of publisher, distributor, etc Cyber Tech Publications
Date of publication, distribution, etc 2013
270 ## - ADDRESS
Address 4264/3, Ansari Road, Darya Ganj,
City New Delhi
Postal code 110002 (India)
300 ## - PHYSICAL DESCRIPTION
Extent 240p.
Dimensions 20cm(Hb)
500 ## - GENERAL NOTE
General note includes index
942 ## - ADDED ENTRY ELEMENTS (KOHA)
Source of classification or shelving scheme Dewey Decimal Classification
Item type English Books
Classification part 910.922
Call number suffix ARY
Holdings
Withdrawn status Lost status Not for loan Collection code Home library Current library Date acquired Source of acquisition Cost, normal purchase price Full call number Barcode Copy number Cost, replacement price Koha item type
      Non-fiction Sarojini Nagar Sarojini Nagar 17/06/2014 K.K.Pub/BL2982/11.03.2013/172/11.03.2013/20.03.2013 850.00 910.922 ARY B-505331 1 850.00 English Books

© Delhi Public Library
Hit Counter
free hit counter